| 000 | 00502nam a2200205Ia 4500 | ||
|---|---|---|---|
| 003 | 0100 | ||
| 008 | 130303s9999 xx 000 0 und d | ||
| 020 | _a1565480538 | ||
| 040 | _cARRUPELIB | ||
| 050 | _aBX2179.L8M37131993 | ||
| 100 | _aMartini, Carlo Maria | ||
| 245 | _aLetting God free us | ||
| 245 | _bmeditations on Ignatian spiritual exercises | ||
| 260 | _aNew York | ||
| 260 | _bNew City Press | ||
| 260 | _C1993 | ||
| 300 | _a128p. 22cm | ||
| 700 | _aCarlo Maria Martini | ||
| 942 | 0 | 0 | _01 |
| 999 |
_c7931 _d7931 |
||